| 000 | 00631nam a22001937a 4500 | ||
|---|---|---|---|
| 999 |
_c181402 _d181402 |
||
| 005 | 20210913113142.0 | ||
| 010 | _aUR-11221 | ||
| 020 |
_c400.00 _a- |
||
| 035 | _aU-9776 | ||
| 037 | _bDBAD/PUB | ||
| 082 | _a841 | ||
| 100 | _aا يم اے حميد عکی | ||
| 245 |
_aعکس کا ہينا ت (شعر ی مجمو عہ ) _cا يم اے حميد عکی |
||
| 246 |
_aAks-e-Kaynat(Urdu) _bby M.A.Hameed Aksi |
||
| 260 |
_aTilangana _c2021 ء _bM.A.Hameed Aksi |
||
| 270 |
_a14-6-39,Nizam Pura Mandi bazar, Warangal _bTilangana _e506002 _l- |
||
| 300 |
_a216 ص _c22 Cm(Hb) |
||
| 942 |
_2ddc _cUR _h841 _mع ک س |
||